| 000 | 00991nam0a22002651 4500 | ||
|---|---|---|---|
| 001 | v19\rc\1422755 | ||
| 005 | 20250618112126.0 | ||
| 035 | _a(NLR Aleph) 004549077 | ||
| 090 |
_a2115678 _c2115678 |
||
| 100 | _a20060512d1884 |||y0rusy50 ca | ||
| 101 | 0 |
_arus _ageo |
|
| 102 | _aRU | ||
| 105 | _ay z ||||| | ||
| 200 | 1 |
_aУроки по арифметике _eСокр. способы решения задач на правило тройное, т-ва и смешения _eДля 3-го и 7-го кл. гимназии _fСост. Петр Олиферов |
|
| 210 |
_aКутаис _cтип. П.Г. Цулукидзе _d1884 |
||
| 215 |
_a28 с. _d21 |
||
| 300 | _aТекст парал. на рус. и груз. яз. | ||
| 700 | 1 |
_aОлиферов _bП.А. _gПетр Афанасьевич |
|
| 801 | 0 |
_aRU _bNLR _gpsbo |
|
| 801 | 0 |
_aRU _bRuMoRGB _2psbo |
|
| 801 | 1 |
_aRU _bProSoft-M _2rusmarc |
|
| 852 |
_aNLR _bОНЛ _jН/Груз./3-4466 |
||
| 942 | _cBOOK | ||
| 980 | _aNB | ||